[Event "NED-chT 2122"]
[Site "Netherlands"]
[Date "2022.03.12"]
[Round "7.1"]
[White "Rill, Gerard"]
[Black "Cardon, Helmut"]
[Result "0-1"]
[WhiteElo "2245"]
[BlackElo "2391"]
[PlyCount "136"]
[EventDate "2021.09.18"]
[EventType "team-tourn"]
[EventRounds "9"]
[EventCountry "NED"]
[SourceTitle "EXT 2023"]
[Source "ChessBase"]
[SourceDate "2022.10.05"]
[SourceVersion "1"]
[SourceVersionDate "2022.10.05"]
[SourceQuality "1"]
[WhiteTeam "Kennemer Combinatie"]
[BlackTeam "Sas van Gent"]
[WhiteTeamCountry "NED"]
[BlackTeamCountry "NED"]

1. e4 c5 2. Nf3 d6 3. d4 cxd4 4. Nxd4 Nf6 5. Nc3 Nc6 6. Bg5 e6 7. Qd3 a6 8. Nxc6 bxc6 9. 0-0-0 Qa5 10. h4 Rb8 11. b3 d5 12. Qg3 Rb4 13. e5 Nd7 14. Bd2 Rd4 15. Kb1 f5 16. Be2 Kf7 17. Rh3 Bb4 18. Bc1 Rxd1 19. Nxd1 Qc7 20. Bb2 Bd2 21. f4 Rf8 22. h5 Qb6 23. Qh4 Qd8 24. Qg3 Qb6 25. Qh4 Qg1 26. Rh2 a5 27. Bc1 Bxc1 28. Kxc1 Nc5 29. g4 Ne4 30. gxf5 exf5 31. h6 g5 32. fxg5 Qxg5+ 33. Qxg5 Nxg5 34. Nf2 Ke6 35. Rg2 Nf7 36. Rg7 Kxe5 37. Rxh7 Kf6 38. Bh5 Be6 39. Rg7 Rh8 40. Rg6+ Ke7 41. Nd3 Rxh6 42. Rxh6 Nxh6 43. Nc5 Bc8 44. c3 Ng8 45. Kc2 Nf6 46. Bf3 Nd7 47. Nd3 Ba6 48. Nf4 Kd6 49. a4 Nc5 50. Bg2 Ke5 51. Ng6+ Kf6 52. Nh4 Bd3+ 53. Kb2 Be4 54. Bf1 f4 55. Be2 Kg5 56. Nf3+ Bxf3 57. Bxf3 Kh4 58. Ka3 Kg3 59. Be2 f3 60. Bf1 Kf2 61. Bh3 Kg3 62. Bf1 Kf2 63. Bh3 Ke3 64. b4 Kd3 65. Bf1+ Kxc3 66. bxa5 d4 67. a6 Nxa6 68. Bxa6 d3 0-1

[Event "NED-chT 1920"]
[Site "Netherlands"]
[Date "2020.03.07"]
[Round "6.2"]
[White "Cardon, Helmut"]
[Black "Fridman, Daniel"]
[Result "1/2-1/2"]
[WhiteElo "2394"]
[BlackElo "2625"]
[PlyCount "70"]
[EventDate "2019.09.28"]
[EventType "team-tourn"]
[EventRounds "9"]
[EventCountry "NED"]
[SourceTitle "CBM 195 Extra"]
[Source "ChessBase"]
[SourceDate "2020.05.31"]
[SourceVersion "1"]
[SourceVersionDate "2020.05.31"]
[SourceQuality "1"]
[WhiteTeam "Sas van Gent"]
[BlackTeam "Den Bosch HMC"]
[WhiteTeamCountry "NED"]
[BlackTeamCountry "NED"]

1. d4 Nf6 2. c4 e6 3. Nc3 d5 4. cxd5 exd5 5. Bg5 c6 6. e3 Be7 7. Qc2 Nbd7 8. Bd3 Nf8 9. Nge2 Ne6 10. Bh4 g6 11. f3 0-0 12. 0-0 b6 13. Bf2 Bb7 14. Rad1 Rc8 15. h3 c5 16. Qd2 a6 17. g4 Qd7 18. Bb1 h5 19. Kg2 hxg4 20. hxg4 Ng5 21. Bg3 b5 22. a3 Rfe8 23. Be5 Bd8 24. Bf4 Nxg4 25. fxg4 Qxg4+ 26. Ng3 cxd4 27. exd4 Rc6 28. Rde1 Rxe1 29. Qxe1 Re6 30. Qd1 Qh3+ 31. Kg1 Qh4 32. Kg2 Qh3+ 33. Kg1 Qh4 34. Kg2 Qh3+ 35. Kg1 Qh4 1/2-1/2

[Event "EU-Cup 35th"]
[Site "Ulcinj"]
[Date "2019.11.16"]
[Round "7.14"]
[White "Cardon, Helmut"]
[Black "Sukovic, Andrej"]
[Result "1-0"]
[WhiteElo "2398"]
[BlackElo "2254"]
[PlyCount "120"]
[EventDate "2019.11.10"]
[EventType "team-swiss"]
[EventRounds "7"]
[EventCountry "MNE"]
[SourceTitle "CBM 193 Extra"]
[Source "ChessBase"]
[SourceDate "2020.01.31"]
[SourceVersion "1"]
[SourceVersionDate "2020.01.31"]
[SourceQuality "1"]
[WhiteTeam "Sas van Gent"]
[BlackTeam "Buducnost"]
[WhiteTeamCountry "NED"]
[BlackTeamCountry "MNE"]

1. d4 Nf6 2. c4 g6 3. Nc3 Bg7 4. e4 d6 5. Be2 0-0 6. Bg5 h6 7. Be3 Nbd7 8. Qc2 a6 9. Nf3 c5 10. Rd1 cxd4 11. Nxd4 Ne5 12. 0-0 Qc7 13. h3 Nc6 14. Nb3 Na5 15. Nd2 Be6 16. Rc1 Rac8 17. Qb1 Qd8 18. Nd5 Nd7 19. Nf4 Nc6 20. Nxe6 fxe6 21. Nb3 e5 22. Rfd1 Qe8 23. c5 Nxc5 24. Nxc5 dxc5 25. Rxc5 Nd4 26. Bc4+ Kh7 27. Rxc8 Qxc8 28. Rc1 Qd7 29. a3 Rc8 30. Kh1 Rc6 31. Bd5 Rxc1+ 32. Qxc1 e6 33. Ba2 Ne2 34. Qc2 Nd4 35. Qc4 b5 36. Qc5 Ne2 37. Qc2 Nd4 38. Qd1 Qc6 39. Qd3 Qc2 40. Qxc2 Nxc2 41. Bc5 Nd4 42. Kg1 Bf6 43. Kf1 Kg7 44. Bxd4 exd4 45. Bxe6 a5 46. f4 g5 47. g3 gxf4 48. gxf4 d3 49. e5 Bh4 50. Kg2 Be1 51. Bf5 Bd2 52. Kf3 Bc1 53. Bxd3 Bxb2 54. Bxb5 Bxa3 55. Ke4 Kf7 56. Bc4+ Ke7 57. f5 Bb2 58. Bb3 Bc1 59. f6+ Kf8 60. Kf5 Bb2 1-0

[Event "NED-chT 1819"]
[Site "Netherlands"]
[Date "2019.03.16"]
[Round "7.3"]
[White "Van Wely, Loek"]
[Black "Cardon, Helmut"]
[Result "1/2-1/2"]
[WhiteElo "2642"]
[BlackElo "2398"]
[PlyCount "79"]
[EventDate "2018.09.15"]
[EventType "team-tourn"]
[EventRounds "9"]
[EventCountry "NED"]
[SourceTitle "CBM 189 Extra"]
[Source "ChessBase"]
[SourceDate "2019.06.03"]
[SourceVersion "1"]
[SourceVersionDate "2019.06.03"]
[SourceQuality "1"]
[WhiteTeam "Kennemer Combinatie"]
[BlackTeam "Sas van Gent"]
[WhiteTeamCountry "NED"]
[BlackTeamCountry "NED"]

1. d4 Nf6 2. c4 e6 3. Nf3 b6 4. Nc3 Bb4 5. Qb3 c5 6. a3 Ba5 7. Bg5 h6 8. Bh4 g5 9. Bg3 g4 10. Nd2 cxd4 11. Nb5 Ne4 12. 0-0-0 Qg5 13. e3 Bxd2+ 14. Rxd2 Nxd2 15. Nc7+ Kd8 16. Kxd2 Na6 17. Nxa8 Bb7 18. Qa4 dxe3+ 19. fxe3 Qa5+ 20. Qxa5 bxa5 21. b4 Bxa8 22. Kc3 axb4+ 23. axb4 Nc7 24. b5 f6 25. Be2 e5 26. Ra1 Ne6 27. Rxa7 Bxg2 28. Bxg4 Ke7 29. Kb4 Rc8 30. Bf5 Bf3 31. Bxe6 Kxe6 32. c5 Rb8 33. b6 Bg2 34. Ra2 Be4 35. Ra7 Bc6 36. Kc3 Rg8 37. Rc7 Ra8 38. Bh4 Ra4 39. Kb3 Ra8 40. Kc4 1/2-1/2

[Event "NED-chT 1819"]
[Site "Netherlands"]
[Date "2018.10.06"]
[Round "2.4"]
[White "Cardon, Helmut"]
[Black "Levin, Felix"]
[Result "1-0"]
[WhiteElo "2398"]
[BlackElo "2479"]
[PlyCount "121"]
[EventDate "2018.09.15"]
[EventType "team-tourn"]
[EventRounds "9"]
[EventCountry "NED"]
[SourceTitle "CBM 187 Extra"]
[Source "ChessBase"]
[SourceDate "2018.11.04"]
[SourceVersion "1"]
[SourceVersionDate "2018.11.04"]
[SourceQuality "1"]
[WhiteTeam "Sas van Gent"]
[BlackTeam "Zuid Limburg"]
[WhiteTeamCountry "NED"]
[BlackTeamCountry "NED"]

1. d4 d5 2. c4 e6 3. Nc3 Nf6 4. cxd5 Nxd5 5. e4 Nxc3 6. bxc3 c5 7. Nf3 cxd4 8. cxd4 Bb4+ 9. Bd2 Bxd2+ 10. Qxd2 0-0 11. Rc1 b6 12. Bd3 Bb7 13. 0-0 h6 14. h4 Nd7 15. Qf4 Rb8 16. Rc3 Qf6 17. Qg3 Rfc8 18. Rfc1 Qd8 19. Ne5 Rxc3 20. Rxc3 Nf6 21. Nxf7 Kxf7 22. Rc7+ Nd7 23. Rxd7+ Qxd7 24. Qxb8 Bc6 25. Qe5 Qc8 26. Be2 Bd7 27. Bh5+ g6 28. Qf4+ Kg7 29. Qe5+ Kf7 30. Qf4+ Kg7 31. Qg3 Be8 32. Bg4 Bf7 33. Qe5+ Kg8 34. g3 Qc1+ 35. Kg2 Qc6 36. Bd1 b5 37. Qb8+ Kg7 38. Qe5+ Kg8 39. Bf3 a5 40. Qf6 Qd7 41. h5 gxh5 42. Qxh6 Qxd4 43. Qg5+ Kf8 44. Qxb5 a4 45. Qb8+ Kg7 46. Qf4 e5 47. Qg5+ Kf8 48. a3 Ke8 49. Qc1 Kd7 50. Qd1 Kd6 51. Qxd4+ exd4 52. Kf1 Kc5 53. Bd1 Bb3 54. Ke1 d3 55. Kd2 Kd4 56. f3 Kc4 57. f4 Kd4 58. e5 Bf7 59. Bxa4 h4 60. gxh4 Ke4 61. Bd7 1-0

[Event "NED-chT 1617"]
[Site "Netherlands"]
[Date "2017.05.06"]
[Round "9.2"]
[White "Cardon, Helmut"]
[Black "Bluebaum, Matthias"]
[Result "1/2-1/2"]
[WhiteElo "2404"]
[BlackElo "2626"]
[PlyCount "155"]
[EventDate "2016.09.17"]
[EventType "team-tourn"]
[EventRounds "9"]
[EventCountry "NED"]
[SourceTitle "EXT 2018"]
[Source "ChessBase"]
[SourceDate "2017.10.13"]
[SourceVersion "1"]
[SourceVersionDate "2017.10.13"]
[SourceQuality "1"]
[WhiteTeam "Sas van Gent"]
[BlackTeam "SISSA"]
[WhiteTeamCountry "NED"]
[BlackTeamCountry "NED"]

1. d4 Nf6 2. c4 e6 3. Nc3 Bb4 4. Bd2 c5 5. a3 Bxc3 6. Bxc3 Ne4 7. Rc1 Qh4 8. g3 Nxc3 9. gxh4 Nxd1 10. Rxd1 cxd4 11. Nf3 Nc6 12. Nxd4 Nxd4 13. Rxd4 b6 14. Bg2 Rb8 15. 0-0 Bb7 16. Rfd1 Bxg2 17. Kxg2 Rb7 18. h5 Ke7 19. R1d3 Rc8 20. Rg3 g6 21. hxg6 hxg6 22. Rgd3 Rc5 23. f4 Ra5 24. b4 Ra4 25. e4 a5 26. bxa5 Rxa5 27. Rb3 g5 28. fxg5 Rxg5+ 29. Kf2 Rc5 30. Rb5 Rc6 31. h4 Ra7 32. Rb3 Ra4 33. h5 Raxc4 34. Rxc4 Rxc4 35. h6 Rc8 36. Rxb6 Rh8 37. a4 Rxh6 38. a5 Rh3 39. Ra6 Ra3 40. Ke2 Kf6 41. Ra7 d6 42. Kd2 Ke5 43. Kc2 f6 44. Kb2 Ra4 45. Kb3 Rxe4 46. a6 Re1 47. Kb2 Rh1 48. Rb7 Rh8 49. a7 Ra8 50. Kc3 Kd5 51. Rc7 e5 52. Kd3 f5 53. Ke3 f4+ 54. Kf3 Kd4 55. Rb7 d5 56. Rd7 e4+ 57. Kxf4 Rf8+ 58. Kg4 e3 59. Rb7 Ra8 60. Kf3 Kd3 61. Rb3+ Kd2 62. Rb2+ Kc3 63. Ra2 d4 64. Ra6 Rf8+ 65. Ke2 d3+ 66. Kxe3 Re8+ 67. Kf2 d2 68. Rc6+ Kd3 69. Rd6+ Kc2 70. Rc6+ Kd1 71. Rc7 Rf8+ 72. Kg2 Rd8 73. Kf2 Re8 74. Kf1 Rg8 75. Kf2 Rf8+ 76. Kg2 Rd8 77. Kf2 Rc8 78. Rxc8 1/2-1/2

[Event "NED-chT 1617"]
[Site "Netherlands"]
[Date "2016.09.17"]
[Round "1.3"]
[White "Cardon, Helmut"]
[Black "Fridman, Daniel"]
[Result "0-1"]
[WhiteElo "2404"]
[BlackElo "2618"]
[PlyCount "68"]
[EventDate "2016.09.17"]
[EventType "team-tourn"]
[EventRounds "9"]
[EventCountry "NED"]
[SourceTitle "CBM 174 Extra"]
[Source "ChessBase"]
[SourceDate "2016.10.10"]
[SourceVersion "1"]
[SourceVersionDate "2016.10.10"]
[SourceQuality "1"]
[WhiteTeam "Sas van Gent"]
[BlackTeam "Calder HMC"]
[WhiteTeamCountry "NED"]
[BlackTeamCountry "NED"]

1. d4 Nf6 2. c4 e6 3. Nc3 d5 4. cxd5 exd5 5. Bg5 c6 6. e3 Nbd7 7. Bd3 Be7 8. Qc2 Nf8 9. Nge2 Ne6 10. Bh4 g6 11. 0-0 0-0 12. Na4 Ng7 13. Rab1 Bd6 14. h3 Nf5 15. Bg5 h6 16. Bf4 Re8 17. Nc5 Bxf4 18. Nxf4 Qd6 19. Qc3 Nh4 20. b4 b6 21. Nb3 g5 22. Ne2 Bd7 23. Nd2 Rac8 24. Rfe1 Re7 25. Qc2 Rce8 26. g3 Ng6 27. Bxg6 fxg6 28. Qxg6+ Rg7 29. Qc2 Bxh3 30. Rec1 Bd7 31. b5 cxb5 32. Qc7 Qf8 33. Nc3 b4 34. Nd1 Ba4 0-1

[Event "NED-chT 1516"]
[Site "Netherlands"]
[Date "2016.03.19"]
[Round "7.3"]
[White "Cardon, Helmut"]
[Black "Ikonnikov, Vyacheslav"]
[Result "0-1"]
[WhiteElo "2398"]
[BlackElo "2518"]
[PlyCount "88"]
[EventDate "2015.09.26"]
[EventType "team-tourn"]
[EventRounds "9"]
[EventCountry "NED"]
[SourceTitle "EXT 2017"]
[Source "ChessBase"]
[SourceDate "2016.10.25"]
[SourceVersion "1"]
[SourceVersionDate "2016.10.25"]
[SourceQuality "1"]
[WhiteTeam "Sas van Gent"]
[BlackTeam "En Passant"]
[WhiteTeamCountry "NED"]
[BlackTeamCountry "NED"]

1. d4 Nf6 2. c4 e6 3. Nc3 Bb4 4. Nf3 d6 5. Qc2 c5 6. e3 0-0 7. Be2 b6 8. 0-0 Bxc3 9. Qxc3 Bb7 10. b4 Ne4 11. Qb3 cxb4 12. Qxb4 Nc6 13. Qe1 Na5 14. Bd2 Nxd2 15. Nxd2 Rc8 16. Qb1 Ba6 17. Rc1 Qd7 18. Qb4 d5 19. Rc2 Bxc4 20. Nxc4 Nxc4 21. Bxc4 Rxc4 22. Rxc4 dxc4 23. Qxc4 Rc8 24. Qb3 g6 25. h3 Rc7 26. Rd1 Qd5 27. Qxd5 exd5 28. Rd2 Rc1+ 29. Kh2 f6 30. Kg3 Kf7 31. Kf4 Ke6 32. h4 h6 33. g4 g5+ 34. hxg5 hxg5+ 35. Kf3 Kd6 36. Ke2 b5 37. Kd3 b4 38. Rc2 Rd1+ 39. Ke2 Ra1 40. f3 a5 41. e4 a4 42. Rb2 b3 43. axb3 a3 44. Rd2 Rb1 0-1

[Event "NED-chT 1516"]
[Site "Netherlands"]
[Date "2016.02.13"]
[Round "6.3"]
[White "Ducarmon, Quinten"]
[Black "Cardon, Helmut"]
[Result "1/2-1/2"]
[WhiteElo "2474"]
[BlackElo "2398"]
[PlyCount "49"]
[EventDate "2015.09.26"]
[EventType "team-tourn"]
[EventRounds "9"]
[EventCountry "NED"]
[SourceTitle "CBM 170 Extra"]
[Source "ChessBase"]
[SourceDate "2016.02.25"]
[SourceVersion "1"]
[SourceVersionDate "2016.02.25"]
[SourceQuality "1"]
[WhiteTeam "Groningen Combinatie"]
[BlackTeam "Sas van Gent"]
[WhiteTeamCountry "NED"]
[BlackTeamCountry "NED"]

1. e4 c5 2. Nf3 d6 3. d4 cxd4 4. Qxd4 Nc6 5. Bb5 Bd7 6. Qd3 g6 7. c4 Bg7 8. 0-0 Nf6 9. Nc3 0-0 10. h3 a6 11. Bxc6 Bxc6 12. Nd4 Rc8 13. Be3 Qa5 14. Rac1 Rfd8 15. Rfe1 Be8 16. a3 e6 17. Re2 Qc7 18. b3 Qb8 19. Rec2 h6 20. b4 Qc7 21. Qd2 Qe7 22. Qe2 Qc7 23. Qd2 Qe7 24. Qe2 Qc7 25. Qd2 1/2-1/2

[Event "NED-chT 1516"]
[Site "Netherlands"]
[Date "2015.10.10"]
[Round "2.1"]
[White "Hera, Imre Jr"]
[Black "Cardon, Helmut"]
[Result "1-0"]
[WhiteElo "2599"]
[BlackElo "2398"]
[PlyCount "83"]
[EventDate "2015.09.26"]
[EventType "team-tourn"]
[EventRounds "9"]
[EventCountry "NED"]
[SourceTitle "CBM 168 Extra"]
[Source "ChessBase"]
[SourceDate "2015.10.29"]
[SourceVersion "1"]
[SourceVersionDate "2015.10.29"]
[SourceQuality "1"]
[WhiteTeam "Charlois Europoort"]
[BlackTeam "Sas van Gent"]
[WhiteTeamCountry "NED"]
[BlackTeamCountry "NED"]

1. Nf3 d5 2. g3 c6 3. Bg2 Nf6 4. 0-0 Bf5 5. d3 e6 6. Nfd2 h6 7. e4 Bh7 8. Nc3 Be7 9. f4 Na6 10. a3 dxe4 11. dxe4 Qd4+ 12. Kh1 0-0 13. Qe2 Nc5 14. Rd1 Na4 15. Nxa4 Qxa4 16. b3 Qb5 17. Nc4 Rfd8 18. Bb2 Rac8 19. g4 Bf8 20. Bf3 Nd7 21. a4 Qb4 22. Rd3 Qe7 23. Nd6 Rb8 24. Rad1 Nc5 25. R3d2 Qh4 26. Ba3 Na6 27. e5 Nc7 28. c4 Ne8 29. Bc5 Nxd6 30. Bf2 Qe7 31. exd6 Qf6 32. Bxa7 Qxf4 33. Bxb8 Rxb8 34. Rd4 Qg5 35. Qd2 c5 36. Qxg5 hxg5 37. R4d2 b6 38. b4 cxb4 39. a5 bxa5 40. c5 b3 41. c6 b2 42. d7 1-0

[Event "NED-chT 0910"]
[Site "Netherlands"]
[Date "2010.03.06"]
[Round "7.2"]
[White "Cardon, Helmut"]
[Black "Kroeze, Frank"]
[Result "1/2-1/2"]
[WhiteElo "2375"]
[BlackElo "2418"]
[PlyCount "47"]
[EventDate "2009.09.26"]
[EventType "team"]
[EventRounds "9"]
[EventCountry "NED"]
[SourceTitle "EXT 2011"]
[Source "ChessBase"]
[SourceDate "2010.11.26"]
[SourceVersion "1"]
[SourceVersionDate "2010.11.26"]
[SourceQuality "1"]
[WhiteTeam "Sas van Gent"]
[BlackTeam "Enschede Braceland"]
[WhiteTeamCountry "NED"]
[BlackTeamCountry "NED"]

1. d4 d5 2. c4 dxc4 3. e3 e5 4. Bxc4 Nc6 5. d5 Na5 6. Qa4+ c6 7. dxc6 Nxc6 8. Nf3 Bd6 9. Nc3 Nf6 10. Ng5 0-0 11. 0-0 Qe7 12. Nge4 Nxe4 13. Nxe4 Be6 14. Nxd6 Qxd6 15. Rd1 Qe7 16. b3 Bxc4 17. Ba3 Qg5 18. Qxc4 Rfd8 19. Qb5 Rxd1+ 20. Rxd1 Rd8 21. Rd5 a6 22. Qd3 Rxd5 23. Qxd5 Qf5 24. e4 1/2-1/2

[Event "NED-ch63 sf"]
[Site "Hilversum"]
[Date "2008.02.23"]
[Round "2.1"]
[White "Cardon, Helmut"]
[Black "Bosch, Jeroen"]
[Result "1/2-1/2"]
[WhiteElo "2398"]
[BlackElo "2437"]
[PlyCount "116"]
[EventDate "2008.01.05"]
[EventType "k.o."]
[EventRounds "3"]
[EventCountry "NED"]
[SourceTitle "EXT 2010"]
[Source "ChessBase"]
[SourceDate "2010.11.25"]
[SourceVersion "1"]
[SourceVersionDate "2010.11.25"]
[SourceQuality "1"]

1. d4 Nf6 2. c4 e6 3. Nc3 Bb4 4. Qc2 0-0 5. e4 d5 6. e5 Ne4 7. a3 Bxc3+ 8. bxc3 c5 9. Bd3 cxd4 10. cxd4 Qa5+ 11. Kf1 Nc6 12. Ne2 f6 13. exf6 Nxf6 14. Rb1 Qc7 15. Bf4 Qe7 16. cxd5 exd5 17. Qc5 Qf7 18. f3 Nh5 19. Bd6 Re8 20. Ng3 Nxg3+ 21. hxg3 Bf5 22. Bxf5 Qxf5 23. Kf2 Rac8 24. g4 Qf7 25. Qc2 g6 26. Qd2 b6 27. Rbe1 Qf6 28. Qf4 Qxf4 29. Bxf4 Nxd4 30. Rxe8+ Rxe8 31. Rd1 Ne6 32. Be5 Rd8 33. f4 Rd7 34. Ke3 Kf7 35. f5 Nd8 36. Rc1 Nb7 37. Rc6 Na5 38. Rf6+ Ke8 39. fxg6 hxg6 40. Rxg6 Nc4+ 41. Kd4 Nxe5 42. Re6+ Re7 43. Rxe5 Rxe5 44. Kxe5 b5 45. Kxd5 a5 46. Kc5 b4 47. axb4 axb4 48. Kxb4 Kf7 49. Kc3 Kg6 50. Kd3 Kg5 51. Ke3 Kxg4 52. Kf2 Kf4 53. g3+ Kg4 54. Kg2 Kg5 55. Kf3 Kf5 56. g4+ Kg5 57. Kg3 Kg6 58. Kf4 Kf6 1/2-1/2

[Event "NED-chT 0708"]
[Site "Netherlands"]
[Date "2008.02.09"]
[Round "6.1"]
[White "Van Wely, Loek"]
[Black "Cardon, Helmut"]
[Result "1-0"]
[WhiteElo "2679"]
[BlackElo "2398"]
[PlyCount "135"]
[EventDate "2007.09.15"]
[EventType "team-tourn"]
[EventRounds "9"]
[EventCountry "NED"]
[SourceTitle "EXT 2009"]
[Source "ChessBase"]
[SourceDate "2008.11.26"]
[SourceVersion "1"]
[SourceVersionDate "2008.11.26"]
[SourceQuality "1"]
[WhiteTeam "Hilversum HSG"]
[BlackTeam "Sas van Gent"]
[WhiteTeamCountry "NED"]
[BlackTeamCountry "NED"]

1. d4 d5 2. c4 e6 3. Nf3 Nf6 4. Nc3 Nbd7 5. cxd5 exd5 6. Bg5 Be7 7. e3 0-0 8. Bd3 Re8 9. Qc2 Nf8 10. h3 c6 11. Bf4 Ng6 12. Bh2 Bd6 13. Bxd6 Qxd6 14. 0-0-0 Be6 15. Kb1 Rac8 16. g4 b6 17. Rhg1 c5 18. Bf5 c4 19. h4 a6 20. h5 Ne7 21. Ne5 b5 22. h6 g6 23. Bxe6 Qxe6 24. g5 Nd7 25. f4 b4 26. Na4 Nxe5 27. fxe5 Qf5 28. Rdf1 Qxc2+ 29. Kxc2 Nf5 30. Kd2 Kf8 31. b3 Re6 32. Rc1 Ke7 33. Rc2 a5 34. Ke2 Rec6 35. bxc4 Rxc4 36. Rd2 R8c6 37. Kf3 Rc1 38. Rxc1 Rxc1 39. Nb2 Rg1 40. Nd3 Rg3+ 41. Kf2 Rxg5 42. Nf4 Nxh6 43. Rc2 Ng4+ 44. Kf3 h5 45. Nxd5+ Kd8 46. e4 Nh6 47. Nb6 h4 48. Rc8+ Ke7 49. Nd5+ Kd7 50. Rh8 Rg3+ 51. Ke2 Rg2+ 52. Kd3 h3 53. Rxh6 h2 54. Nf6+ Ke7 55. d5 Rxa2 56. d6+ Ke6 57. d7 Ra1 58. Rxh2 Rd1+ 59. Ke2 Rxd7 60. Nxd7 Kxd7 61. Kd3 Ke6 62. Kd4 a4 63. Rh8 a3 64. Ra8 g5 65. Ra4 g4 66. Rxb4 g3 67. Rb6+ Ke7 68. Ke3 1-0

[Event "NED-chT 0708"]
[Site "Netherlands"]
[Date "2007.11.03"]
[Round "3.1"]
[White "Cardon, Helmut"]
[Black "Fridman, Daniel"]
[Result "0-1"]
[WhiteElo "2398"]
[BlackElo "2628"]
[PlyCount "70"]
[EventDate "2007.09.15"]
[EventType "team-tourn"]
[EventRounds "9"]
[EventCountry "NED"]
[SourceTitle "EXT 2008"]
[Source "ChessBase"]
[SourceDate "2007.11.25"]
[SourceVersion "1"]
[SourceVersionDate "2007.11.25"]
[SourceQuality "1"]
[WhiteTeam "Sas van Gent"]
[BlackTeam "Calder HMC"]
[WhiteTeamCountry "NED"]
[BlackTeamCountry "NED"]

1. d4 d5 2. c4 e6 3. Nf3 Nf6 4. Bg5 dxc4 5. Qa4+ c6 6. Qxc4 b5 7. Qc2 Bb7 8. Nbd2 Nbd7 9. Nb3 Rc8 10. Nc5 Nxc5 11. dxc5 Qa5+ 12. Nd2 Nd7 13. Be3 Rd8 14. a3 Nxc5 15. g3 Nd7 16. Bg2 Qc7 17. 0-0 c5 18. Bxb7 Qxb7 19. Ne4 Rc8 20. a4 b4 21. Rfd1 Be7 22. Bg5 f6 23. Qc4 Rc6 24. Bf4 Nb6 25. Qb3 c4 26. Qf3 Nd5 27. Qg4 Kf7 28. Qh5+ g6 29. Qh6 Qa6 30. Rd4 c3 31. bxc3 bxc3 32. Rd3 Rc4 33. Ng5+ fxg5 34. Be5 Nf6 35. Rf3 g4 0-1

[Event "NED-chT 0708"]
[Site "Netherlands"]
[Date "2007.09.15"]
[Round "1.1"]
[White "Cardon, Helmut"]
[Black "Gustafsson, Jan"]
[Result "1/2-1/2"]
[WhiteElo "2398"]
[BlackElo "2606"]
[PlyCount "105"]
[EventDate "2007.09.15"]
[EventType "team-tourn"]
[EventRounds "9"]
[EventCountry "NED"]
[SourceTitle "CBM 120 Extra"]
[Source "ChessBase"]
[SourceDate "2007.11.01"]
[SourceVersion "1"]
[SourceVersionDate "2007.11.01"]
[SourceQuality "1"]
[WhiteTeam "Sas van Gent"]
[BlackTeam "Homburg Apeldoorn"]
[WhiteTeamCountry "NED"]
[BlackTeamCountry "NED"]

1. d4 Nf6 2. c4 e6 3. Nc3 Bb4 4. Qc2 0-0 5. e4 d5 6. e5 Ne4 7. a3 Bxc3+ 8. bxc3 c5 9. Bd3 cxd4 10. cxd4 Qa5+ 11. Kf1 Nc6 12. Ne2 f6 13. Bxe4 dxe4 14. exf6 Qf5 15. Be3 Qxf6 16. Qxe4 e5 17. dxe5 Nxe5 18. Bd4 Nxc4 19. Bxf6 Nd2+ 20. Kg1 Nxe4 21. Bd4 b6 22. Ng3 Rd8 23. Be3 Nc3 24. h3 Nd1 25. Bc1 Ba6 26. f3 Rac8 27. Ne4 Bb7 28. Bg5 Rd5 29. Bf4 Nc3 30. Nxc3 Rxc3 31. Kh2 g5 32. Rhc1 Rxc1 33. Bxc1 Rd1 34. Kg3 Kf7 35. h4 gxh4+ 36. Kxh4 Ke6 37. Kg3 Kd5 38. Bb2 Rxa1 39. Bxa1 a5 40. Bf6 b5 41. Bc3 b4 42. axb4 axb4 43. Bxb4 Ke6 44. Kf4 Kf7 45. Kg5 Bd5 46. Bc3 Ba2 47. f4 Bb3 48. g4 Bd1 49. f5 Kg8 50. Kf4 Kf7 51. g5 Bc2 52. Ke5 Bb1 53. Bb4 1/2-1/2

[Event "NED-chT 0506"]
[Site "Netherlands"]
[Date "2006.04.23"]
[Round "9.3"]
[White "Richter, Christian"]
[Black "Cardon, Helmut"]
[Result "1/2-1/2"]
[WhiteElo "2431"]
[BlackElo "2397"]
[PlyCount "68"]
[EventDate "2005.09.24"]
[EventType "team"]
[EventRounds "9"]
[EventCountry "NED"]
[SourceTitle "EXT 2007"]
[Source "ChessBase"]
[SourceDate "2006.11.23"]
[SourceVersion "1"]
[SourceVersionDate "2006.11.23"]
[SourceQuality "1"]
[WhiteTeam "Enschede ESGOO"]
[BlackTeam "Sas van Gent"]
[WhiteTeamCountry "NED"]
[BlackTeamCountry "NED"]

1. d4 d5 2. Nf3 Nf6 3. c4 dxc4 4. e3 e6 5. Bxc4 c5 6. 0-0 a6 7. Bb3 Nc6 8. Nc3 b5 9. Qe2 Bb7 10. Rd1 Na5 11. Bc2 cxd4 12. exd4 Be7 13. Ne5 Rc8 14. Bg5 Nd5 15. Qh5 g6 16. Bxg6 fxg6 17. Nxg6 hxg6 18. Qxh8+ Kd7 19. Qg7 Qh8 20. Qxh8 Rxh8 21. Bxe7 Kxe7 22. Ne4 Nf4 23. f3 Nc4 24. b3 Ne3 25. Rd2 Bxe4 26. fxe4 Rc8 27. Rf2 g5 28. Re1 Rc3 29. h3 b4 30. Rd2 Rc2 31. Rxc2 Nxc2 32. Rd1 Ne2+ 33. Kh2 Nc3 34. Rd3 Nxa2 1/2-1/2

[Event "NED-chT 0506"]
[Site "Netherlands"]
[Date "2005.11.26"]
[Round "4.1"]
[White "Cardon, Helmut"]
[Black "Landa, Konstantin"]
[Result "1/2-1/2"]
[WhiteElo "2397"]
[BlackElo "2600"]
[PlyCount "58"]
[EventDate "2005.09.24"]
[EventType "team"]
[EventRounds "9"]
[EventCountry "NED"]
[SourceTitle "EXT 2007"]
[Source "ChessBase"]
[SourceDate "2006.11.23"]
[SourceVersion "1"]
[SourceVersionDate "2006.11.23"]
[SourceQuality "1"]
[WhiteTeam "Sas van Gent"]
[BlackTeam "Groningen Hotels"]
[WhiteTeamCountry "NED"]
[BlackTeamCountry "NED"]

1. d4 Nf6 2. c4 e6 3. Nc3 Bb4 4. Qc2 d5 5. a3 Bxc3+ 6. Qxc3 Ne4 7. Qc2 c5 8. dxc5 Nc6 9. e3 Qa5+ 10. Bd2 Nxd2 11. Qxd2 dxc4 12. Bxc4 Qxc5 13. Rc1 Qg5 14. f4 Qh4+ 15. Qf2 Qxf2+ 16. Kxf2 Bd7 17. Nf3 Ke7 18. Be2 Rhd8 19. Rhd1 Rac8 20. Rc3 f6 21. h3 Be8 22. Rxd8 Rxd8 23. Bd3 h6 24. Be4 Rd1 25. Ke2 Rh1 26. Nd4 Kd6 27. Nb5+ Ke7 28. Nd4 Kd6 29. Nb5+ Ke7 1/2-1/2

[Event "NED-chT 0506"]
[Site "Netherlands"]
[Date "2005.09.24"]
[Round "1.2"]
[White "Cardon, Helmut"]
[Black "Stellwagen, Daniel"]
[Result "0-1"]
[WhiteElo "2397"]
[BlackElo "2533"]
[PlyCount "84"]
[EventDate "2005.09.24"]
[EventType "team"]
[EventRounds "9"]
[EventCountry "NED"]
[SourceTitle "EXT 2007"]
[Source "ChessBase"]
[SourceDate "2006.11.23"]
[SourceVersion "1"]
[SourceVersionDate "2006.11.23"]
[SourceQuality "1"]
[WhiteTeam "Sas van Gent"]
[BlackTeam "Hilversum HSG"]
[WhiteTeamCountry "NED"]
[BlackTeamCountry "NED"]

1. d4 Nf6 2. c4 g6 3. Nc3 Bg7 4. e4 d6 5. f4 0-0 6. Nf3 c5 7. d5 e6 8. Be2 exd5 9. cxd5 Bg4 10. 0-0 Nbd7 11. Re1 Ne8 12. Be3 Nc7 13. Nd2 Bxe2 14. Qxe2 Re8 15. a4 f5 16. Qf3 Nf6 17. exf5 gxf5 18. h3 a6 19. g4 b5 20. g5 Nd7 21. a5 c4 22. Qf2 Nc5 23. Bxc5 dxc5 24. Rxe8+ Nxe8 25. Qxc5 Rc8 26. Qe3 b4 27. Qe6+ Kh8 28. Na4 Nc7 29. Qxf5 Nxd5 30. Nf3 Qg8 31. Nb6 Rd8 32. Nxc4 Rf8 33. Qd7 Nxf4 34. Nce5 Bxe5 35. Nxe5 Qxg5+ 36. Ng4 Rd8 37. Qf7 Qc5+ 38. Kh2 Rf8 39. Qb3 h5 40. Ne3 Qe5 41. Kh1 Qe4+ 42. Kh2 Qf3 0-1